|
|
|
|
| LEADER |
00000nam0a2200000 4500 |
| 001 |
299726 |
| 005 |
20231102001230.0 |
| 020 |
|
|
|a RU
|b 82-54616
|
| 035 |
|
|
|a (RuTPU)RU\TPU\book\324878
|
| 090 |
|
|
|a 299726
|
| 100 |
|
|
|a 20150702d1982 k y0rusy5003 ca
|
| 101 |
0 |
|
|a rus
|
| 102 |
|
|
|a RU
|
| 105 |
|
|
|a a z 001zy
|
| 200 |
1 |
|
|a Кислотные методы переработки фосфатного сырья в фосфорную кислоту и минеральные удобрения
|e межвузовский сборник научных трудов
|h [Вып. 6]
|f Ленинградский технологический институт им. Ленсовета (ЛТИ)
|
| 210 |
|
|
|a Ленинград
|c Изд-во ЛТИ
|d 1982
|
| 215 |
|
|
|a 167 с.
|c ил.
|
| 320 |
|
|
|a Библиогр. в конце ст.
|
| 606 |
1 |
|
|a Фосфаты
|x Переработка комплексная
|2 stltpush
|3 (RuTPU)RU\TPU\subj\32250
|9 54857
|
| 610 |
1 |
|
|a переработка
|
| 610 |
1 |
|
|a кислотные методы
|
| 610 |
1 |
|
|a фосфорная кислота
|
| 610 |
1 |
|
|a минеральные удобрения
|
| 610 |
1 |
|
|a производство
|
| 610 |
1 |
|
|a Каратаусский фосфоритоносный бассейн
|
| 610 |
1 |
|
|a Ковдорский массив
|
| 610 |
1 |
|
|a обогащение
|
| 675 |
|
|
|a 661.632
|z rus
|v 3
|
| 712 |
0 |
2 |
|a Ленинградский технологический институт им. Ленсовета (ЛТИ)
|2 stltpush
|3 (RuTPU)RU\TPU\col\1462
|
| 801 |
|
0 |
|a RU
|b RuMRKP
|c 19950704
|g psbo
|
| 801 |
|
1 |
|a RU
|b 63413507
|c 20150702
|
| 801 |
|
2 |
|a RU
|b 63413507
|c 20180619
|g RCR
|
| 942 |
|
|
|c BK
|